Kraje, które zostały zdobyte podczas podbojów Arabskich - Statystyki

Ogólne statystyki
  • Ten quiz został rozwiązany 140 razy
    136 od ostatniego zresetowania
  • Średni wynik to 28 z 35
Statystyki odpowiedzi
Kontynent Odpowiedź % Poprawnych
Afryka Egipt
94%
Azja/Europa Turcja
94%
Azja Arabia Saudyjska
92%
Afryka Maroko
92%
Azja Jemen
91%
Azja Oman
91%
Europa Hiszpania
89%
Azja Irak
89%
Azja Iran
89%
Azja Kuwejt
88%
Azja Gruzja
87%
Azja Katar
87%
Afryka Libia
86%
Europa Portugalia
86%
Afryka Tunezja
86%
Azja Afganistan
85%
Afryka Algieria
85%
Azja Armenia
85%
Azja Izrael
85%
Azja Pakistan
85%
Azja Kazachstan
84%
Azja/Europa Rosja
84%
Azja Azerbejdżan
83%
Azja Zjednoczone Emiraty Arabskie
82%
Europa Francja
80%
Azja Turkmenistan
80%
Azja Liban
79%
Azja Uzbekistan
79%
Azja Jordania
74%
Azja Kirgistan
74%
Azja Tadżykistan
74%
Azja Cypr
54%
Afryka Mauretania
53%
Azja Palestyna
33%
Azja Bahrain
16%
Nie znaleziono quizów pasujących do podanych kryteriów
Rozkład punktacji
Procent ludzi z każdym wynikiem
Percentyl według liczby udzielonych odpowiedzi
Twoja historia wyników
Nie rozwiązałeś tego quizu od ostatniego zresetowania